000
00337nam a22001457a 4500
003
OSt
005
20240205141045.0
008
240205b |||||||| |||| 00| 0 eng d
040
_c
IIMT UNIVERSITY
100
_a
GEETA, PRESS
245
_a
TATVA CHINTA MANI
260
_a
GORAKHPUR
_b
GEETA PRESS
_c
1952
300
_a
621
942
_2
ddc
_c
09
999
_c
58085
_d
58085